Buteurs Liverpool EFL Cup 2023/2024 - Statistiques

Statistiques générales
  • Ce quiz a été pris 84 fois
  • Le résultat moyen est 7 sur 8
Statistiques - réponses
Buts Joueurs % Correct
1 Mohamed Salah
100%
1 Darwin Núñez
92%
1 Diogo Jota
89%
4 Cody Gakpo
87%
1 Virgil van Dijk
87%
1 Luis Díaz
86%
3 Curtis Jones
65%
2 Dominik Szoboszlai
63%
Aucun quiz correspondant
Distribution des résultats
% des personnes avec chaque résultat
Percentile par nombre de réponses
Votre historique - résultats
Vous n’avez pas pris ce quiz